| 000 -LEADER | |
|---|---|
| fixed length control field | 00297nam a22001217a 4500 |
| 005 - DATE AND TIME OF LATEST TRANSACTION | |
| control field | 20180927141815.0 |
| 008 - FIXED-LENGTH DATA ELEMENTS--GENERAL INFORMATION | |
| fixed length control field | 180927b xxu||||| |||| 00| 0 eng d |
| 022 ## - INTERNATIONAL STANDARD SERIAL NUMBER | |
| ISSN | 2278-5736 |
| 245 ## - TITLE STATEMENT | |
| Title | IOSR Journal of Applied Chemistry |
| 250 ## - EDITION STATEMENT | |
| Edition statement | Volume 11 |
| 260 ## - PUBLICATION, DISTRIBUTION, ETC. (IMPRINT) | |
| Place of publication | Gaziabad |
| Name of publisher | IOSR Journal |
| 942 ## - ADDED ENTRY ELEMENTS (KOHA) | |
| Koha item type | Journals/Serial |
| Lost status | Damaged status | Home library | Current library | Shelving location | Date acquired | Source of acquisition | Cost, normal purchase price | Accession Number | Koha item type |
|---|---|---|---|---|---|---|---|---|---|
| JRU Library | Periodicals Section | 27/09/2018 | Purchase | 3600.00 | IOSR0001 | Journals/Serial | |||
| JRU Library | Periodicals Section | 12/11/2018 | Purchase | IOSR0002 | Journals/Serial | ||||
| JRU Library | Periodicals Section | 12/01/2019 | Purchase | IOSR0003 | Journals/Serial | ||||
| JRU Library | Periodicals Section | 09/03/2019 | Purchase | IOSR0004 | Journals/Serial | ||||
| JRU Library | Periodicals Section | 15/05/2019 | PURCHASE | IOSR0005 | Journals/Serial | ||||
| JRU Library | Periodicals Section | 23/07/2019 | IOSR0006 | Journals/Serial |